000 01034 a2200265 4500
001 121564
020 _a9781407116228
040 _cEscola Canadense de Niteroi
090 _aLAS
100 _aLasky, Kathryn
245 1 0 _aMary Queen of Scots
250 _aReissue Edition
260 _aLondon
300 _c3 x 19,7 x 0,13 cm
362 0 _a2010
490 0 _aMy Royal Story
520 _aAt just 11 years old, the young princess Mary is sent from her native Scotland to live in the court of her future father-in-law, King Henry II of France. She spends her time attending balls, hunting and hawking, learning Latin and fractions and music, and playing with her future husband, Francis. But one day she knows the games will end and she will have to embark on the serious business of being queen of France.
650 4 _aEuropean History
650 4 _aStrong Womens
650 4 _aYoung Adult Literature
650 4 _a Princesses and Princes
650 4 _aKings and Queens
650 4 _aBiography
942 _cBK
999 _c121564
_d121564